Movies Quiz

Random Movies or Clickable Quiz
Score 0/20 Timer 05:00
0 Plays Today
% Correct
'You've got me, who's got you?'
99.3%
'and I couldn't even save him'
96.6%
'A friend'
94.5%
'Actually, she's silver-haired'
94.5%
'I ran'
94.5%
'I didn't think you'd let me later.'
93.8%
'No, sir. Don't thank me, Warden. We're all part of the same team. Good night.'
92.4%
'Uh, no, no thanks. I never drink when I fly.'
91%
'Uh, not really, no.'
90.3%
'No, by causing the death of innocent people.'
89.7%
% Correct
'Mine's in California'
89%
'An ode to spring. How do you spell massacre?'
89%
'God talked to Moses!'
89%
'I don't think he wants me to, Mr. Luthor'
88.3%
'He won't *be* one of them.
87.6%
'I have sent them you... my only son.'
84.8%
'Both you, and then one day, your heirs!”
82.8%
'Fly. Don't look, just fly. We got... something. I ain't saying what it is. Just... trust me.'
82.1%
'Miss Teschmacher's got her own place.'
80%
'That's a bad outfit! Whoo!'
75.9%
Remove Ads.
Support Sporcle.
Get the best of Sporcle when you Go Orange. This ad-free experience offers more features, more stats, and more fun while also helping to support Sporcle. Thank you for becoming a member.

You're not logged in!

Compare scores with friends on all Sporcle quizzes.
OR
Log In

Show Comments

Extras

Created Dec 20, 2018ReportNominate
Tags:Clickable Quiz, Follow, Superman

Top Quizzes Today


Score Distribution

Your Account Isn't Verified!

In order to create a playlist on Sporcle, you need to verify the email address you used during registration. Go to your Sporcle Settings to finish the process.

Report this User

Report this user for behavior that violates our Community Guidelines.

Details: